| 000 | 00898nam a2200265Ia 4500 | ||
|---|---|---|---|
| 003 | OSt | ||
| 005 | 20220926015511.0 | ||
| 006 | a|||||r|||| 00| 0 | ||
| 007 | ta | ||
| 008 | 220923b |||||||| |||| 00| 0 eng d | ||
| 020 |
_a9780230302518 _c4109.3299999999999 |
||
| 037 |
_bG-1916/12-13, 20/09/2012, Manohar Publishers & Distributors _cGeneral Book |
||
| 040 |
_aRTL _cRTL _beng |
||
| 041 |
_2eng _aeng |
||
| 082 | _aY11(W:5), Q2 | ||
| 100 |
_aLIEBEL Manfred _9322520 |
||
| 245 | 0 |
_aChildren's rights from below _b Cross cultural perspectives |
|
| 260 |
_aNew York _bPalgrave Macmillan _c2012 |
||
| 300 |
_aix, 272p _ccm. |
||
| 490 | _aStudies in Childhood and Youth | ||
| 500 | _aBib: p 241-264 | ||
| 650 | _aSociology | ||
| 942 |
_hY11(W:5), Q2 _cGB _2CC |
||
| 999 |
_c631779 _d631779 |
||